| 000 | 02052nam a2200337Ia 4500 | ||
|---|---|---|---|
| 999 |
_c55213 _d55213 |
||
| 001 | 22288 | ||
| 003 | GE_BSU | ||
| 005 | 20230228111103.0 | ||
| 008 | 181216s||||||||xx |||||||||||||| ||und|| | ||
| 020 | _a978-9941-401-78-7 | ||
| 040 | _cGE_BSU | ||
| 041 | _ageo | ||
| 080 | _a821.14'01-32 ე-56 | ||
| 100 |
_aელიანე, კლავდიუს _917072 |
||
| 245 |
_aნაირ-ნაირი ამბები / _cკლავდიუს ელიანე ; მთარგმნ. : ქეთევან აბესაძე და სხვ. ; რედ. ირინე გარაყანიძე ; წინათქმა ვალერი ასათიანი. |
||
| 264 |
_a[თბილისი] : _bლოგოსი, _c2010. |
||
| 300 |
_a267გვ. ; _c20 სმ. |
||
| 490 | _aპროგრამა "ლოგოსი" | ||
| 500 | _aპარალელური თავფურცელი ბერძნულ ენაზე | ||
| 500 | _aპუბლიკაციები და ღონისძიებები კლასიკური ფილოლოგიის, ბიზანტინისტიკისა და ნეოგრეცისტიკის სფეროში | ||
| 500 | _aსაკუთარ სახელთა საძიებელი გვ. : 239-265 | ||
| 500 | _aკომენტარები გვ. : 193-238 | ||
| 504 | _aბიბლიოგრ. გვ. : 266-267 | ||
| 541 | _h7 ლ. | ||
| 653 | _aმოთხრობები | ||
| 653 | _aნაირ-ნაირი ამბები | ||
| 700 |
_aაბესაძე, ქეთევან _eმთარგმნელი _93446 |
||
| 700 |
_aგარაყანიძე, ირინე _eრედაქტორი _95373 |
||
| 710 |
_aთსუ _bკლასიკური ფილოლოგიის, ბიზანტიკისა და ნეოგრეცისტიკის ინსტიტუტი _93644 |
||
| 942 |
_cBK _2udc |
||